[Event "RD-2013-0-00083"]
[Site "LSS email"]
[Date "2013.06.29"]
[Round "?"]
[White "Laczay, Istvan"]
[Black "Bezzina, Reno"]
[Result "0-1"]
[WhiteElo "1590"]
[BlackElo "1632"]
[PlyCount "128"]
[EventDate "2013.02.03"]
[EventType "tourn (corr)"]
[EventRounds "6"]
[EventCountry "GER"]
[SourceTitle "Telechess CBM 161"]
[Source "ChessBase"]
[SourceDate "2014.07.16"]
[SourceVersion "1"]
[SourceVersionDate "2014.07.16"]
[SourceQuality "1"]

1. d4 Nf6 2. c4 e6 3. Nc3 d5 4. cxd5 exd5 5. Bg5 c6 6. e3 Bd6 7. Bd3 h6 8. Bh4 0-0 9. Nge2 Na6 10. a3 Nc7 11. h3 a6 12. 0-0 Re8 13. Qb3 Ne6 14. Rac1 Ng5 15. Bg3 Nge4 16. Nxe4 Nxe4 17. Bxd6 Nxd6 18. Rfd1 Qf6 19. Ng3 Be6 20. Rc5 Qg5 21. Kf1 Re7 22. Qb4 Rd7 23. Qe1 Re8 24. a4 Rde7 25. Qb4 Rd8 26. Qb6 Rdd7 27. Qb3 h5 28. Ne2 Bf5 29. Nf4 Bxd3+ 30. Nxd3 Nf5 31. Ne5 Rd8 32. Nf3 Qf6 33. Ne5 Ng3+ 34. Kg1 Ne4 35. Rc2 c5 36. a5 Kh7 37. Qa3 Rde8 38. f3 cxd4 39. exd4 Ng3 40. Qd3+ g6 41. Rc5 Qh4 42. Qc2 Nf5 43. Qf2 f6 44. g4 fxe5 45. gxf5 Qg5+ 46. Qg2 Qxf5 47. Rxd5 Qf7 48. dxe5 Rxe5 49. Rd7 R8e7 50. Qg3 Rxa5 51. Qc7 Rg5+ 52. Kf2 Rc5 53. Rxe7 Rxc7 54. Rxf7+ Rxf7 55. b4 Kh6 56. b5 axb5 57. Rd6 Rc7 58. Rb6 Kg5 59. Kg3 Rc5 60. h4+ Kf5 61. Kf2 Kf4 62. Rxg6 Rc2+ 63. Ke1 Rh2 64. Rg5 b4 0-1

[Event "RD-2013-0-00083"]
[Site "LSS email"]
[Date "2013.06.29"]
[Round "?"]
[White "Laffont, Jose Eduardo Alfred"]
[Black "Bezzina, Reno"]
[Result "0-1"]
[WhiteElo "1597"]
[BlackElo "1632"]
[PlyCount "118"]
[EventDate "2013.02.03"]
[EventType "tourn (corr)"]
[EventRounds "6"]
[EventCountry "GER"]
[SourceTitle "Telechess CBM 161"]
[Source "ChessBase"]
[SourceDate "2014.07.16"]
[SourceVersion "1"]
[SourceVersionDate "2014.07.16"]
[SourceQuality "1"]

1. d4 Nf6 2. c4 e6 3. Nc3 Bb4 4. Qc2 0-0 5. a3 Bxc3+ 6. Qxc3 b6 7. Bg5 h6 8. Bh4 Bb7 9. Nf3 d6 10. Nd2 Nbd7 11. e3 Re8 12. f3 e5 13. d5 Rc8 14. a4 c6 15. dxc6 Bxc6 16. Qa3 a5 17. Be2 Nc5 18. 0-0 g5 19. Bg3 Nxa4 20. Bf2 Nc5 21. b4 axb4 22. Qxb4 Rb8 23. e4 Nh5 24. Nb1 Nf4 25. Nc3 g4 26. Qb2 Qg5 27. Bg3 gxf3 28. Bxf3 Nfe6 29. Be1 Qg6 30. Bd2 b5 31. cxb5 Nd4 32. b6 Bb5 33. Nxb5 Rxb6 34. Ra5 Reb8 35. Qa2 Rxb5 36. Rxb5 Rxb5 37. Kh1 Rb3 38. Be1 Nd3 39. Bg3 Kh7 40. Bd1 Rb7 41. Bf3 Rc7 42. Qa3 Nc5 43. Qa5 Nce6 44. Qb6 Rc6 45. Qb7 Ng5 46. Bg4 Kg7 47. Bf5 Qh5 48. Qb1 Qe2 49. Bh4 Rb6 50. Qc1 Rb2 51. Rf2 Qe3 52. Qxe3 Rb1+ 53. Rf1 Rxf1+ 54. Qg1 Rxg1+ 55. Kxg1 Nxf5 56. exf5 d5 57. Kf1 Kf6 58. g4 e4 59. Bg3 d4 0-1

[Event "ZI-2013-0-01625"]
[Site "LSS email"]
[Date "2013.06.07"]
[Round "?"]
[White "Bezzina, Reno"]
[Black "Rivas Romero, Jesus"]
[Result "1-0"]
[WhiteElo "1632"]
[BlackElo "1434"]
[PlyCount "75"]
[EventDate "2013.05.30"]
[EventType "match (corr)"]
[EventRounds "2"]
[EventCountry "GER"]
[SourceTitle "Telechess CBM 161"]
[Source "ChessBase"]
[SourceDate "2014.07.16"]
[SourceVersion "1"]
[SourceVersionDate "2014.07.16"]
[SourceQuality "1"]

1. e4 d6 2. d4 Nf6 3. Nc3 g6 4. Nf3 Bg7 5. Be2 0-0 6. 0-0 Bg4 7. h3 Bxf3 8. Bxf3 Nc6 9. Ne2 e5 10. d5 Ne7 11. Qd3 Nd7 12. Bd2 f5 13. Nc3 Nf6 14. a4 f4 15. a5 a6 16. Na4 g5 17. c4 h5 18. c5 g4 19. cxd6 cxd6 20. Bd1 Ng6 21. Nb6 Rb8 22. Rc1 f3 23. g3 Nd7 24. Nxd7 Qxd7 25. Rc4 Rbc8 26. Ba4 Qf7 27. h4 Qe7 28. Rfc1 Rxc4 29. Rxc4 Nxh4 30. Qc3 Ng6 31. Rc7 Qf6 32. Bd7 Rb8 33. Be6+ Kh7 34. Rf7 Qd8 35. Qe3 Nf4 36. gxf4 Qh4 37. fxe5 Qh3 38. Rxg7+ 1-0

[Event "ZI-2013-0-01625"]
[Site "LSS email"]
[Date "2013.06.07"]
[Round "?"]
[White "Rivas Romero, Jesus"]
[Black "Bezzina, Reno"]
[Result "0-1"]
[WhiteElo "1434"]
[BlackElo "1632"]
[PlyCount "84"]
[EventDate "2013.05.30"]
[EventType "match (corr)"]
[EventRounds "2"]
[EventCountry "GER"]
[SourceTitle "Telechess CBM 161"]
[Source "ChessBase"]
[SourceDate "2014.07.16"]
[SourceVersion "1"]
[SourceVersionDate "2014.07.16"]
[SourceQuality "1"]

1. e4 Nf6 2. e5 Nd5 3. d4 d6 4. c4 Nb6 5. exd6 cxd6 6. Nc3 g6 7. Be3 Bg7 8. Rc1 Nc6 9. b3 0-0 10. d5 Ne5 11. Be2 a5 12. f4 Ned7 13. Nf3 Nc5 14. 0-0 Nbd7 15. Bd4 Nf6 16. Qd2 Bd7 17. Rce1 Re8 18. Bd1 e6 19. Bc2 exd5 20. Nxd5 Nxd5 21. Bxg7 Rxe1 22. Rxe1 Kxg7 23. cxd5 Qf6 24. Nd4 Kg8 25. f5 Re8 26. Rxe8+ Bxe8 27. h3 Bd7 28. fxg6 hxg6 29. Qe3 Na6 30. a3 Nc7 31. Be4 Qe5 32. Nf3 Qe7 33. Qb6 Bxh3 34. gxh3 Qxe4 35. Qxc7 Qxf3 36. Qxd6 Qxb3 37. Kh2 Qb2+ 38. Kg3 a4 39. Kh4 b5 40. Qb8+ Kg7 41. d6 Qf2+ 42. Kg4 f5+ 0-1

[Event "OP-2013-0-02799"]
[Site "LSS email"]
[Date "2013.05.25"]
[Round "?"]
[White "Bezzina, Reno"]
[Black "Bester, Kazimierz"]
[Result "1-0"]
[WhiteElo "1632"]
[BlackElo "817"]
[PlyCount "45"]
[EventDate "2013.05.22"]
[EventType "tourn (corr)"]
[EventRounds "4"]
[EventCountry "GER"]
[SourceTitle "Telechess CBM 161"]
[Source "ChessBase"]
[SourceDate "2014.07.16"]
[SourceVersion "1"]
[SourceVersionDate "2014.07.16"]
[SourceQuality "1"]

1. e4 d5 2. exd5 Qxd5 3. Nc3 Qa5 4. Nf3 Nf6 5. d4 Nc6 6. Bd2 Bg4 7. d5 Nd4 8. Nb5 Qb6 9. Nbxd4 Nxd5 10. h3 Bxf3 11. Nxf3 0-0-0 12. Bd3 e5 13. Ng5 Qf6 14. Qg4+ Kb8 15. Qf5 Qxf5 16. Bxf5 Nf4 17. g3 g6 18. Nxf7 gxf5 19. Nxd8 Nd5 20. Nf7 Rg8 21. 0-0-0 e4 22. Bf4 Nxf4 23. Rd8# 1-0

[Event "OP-2013-0-02799"]
[Site "LSS email"]
[Date "2013.05.25"]
[Round "?"]
[White "Bezzina, Reno"]
[Black "Kolanek, Roman"]
[Result "1/2-1/2"]
[WhiteElo "1632"]
[BlackElo "1942"]
[PlyCount "58"]
[EventDate "2013.05.22"]
[EventType "tourn (corr)"]
[EventRounds "4"]
[EventCountry "GER"]
[SourceTitle "Telechess CBM 161"]
[Source "ChessBase"]
[SourceDate "2014.07.16"]
[SourceVersion "1"]
[SourceVersionDate "2014.07.16"]
[SourceQuality "1"]

1. e4 c5 2. Nf3 Nc6 3. Nc3 d6 4. d4 cxd4 5. Nxd4 Nf6 6. Bg5 a6 7. Qd3 Bd7 8. Be2 e6 9. 0-0-0 h6 10. Bh4 Be7 11. f4 Rc8 12. Kb1 0-0 13. Bf3 Qc7 14. Nb3 Nxe4 15. Bxe7 Nxc3+ 16. Qxc3 Nxe7 17. Qxc7 Rxc7 18. Rxd6 Nf5 19. Rd2 Bc6 20. Bxc6 Rxc6 21. c3 Rfc8 22. Rhd1 Ne3 23. Re1 Nc4 24. Rd7 Rb6 25. Kc2 Kf8 26. Rd4 g6 27. g3 Ke7 28. Ree4 Nd6 29. Re5 Nc4 1/2-1/2

[Event "RD-2012-0-00079"]
[Site "LSS email"]
[Date "2013.02.04"]
[Round "?"]
[White "Bezzina, Reno"]
[Black "Reede, Arvo"]
[Result "1-0"]
[WhiteElo "1552"]
[BlackElo "1676"]
[PlyCount "67"]
[EventDate "2012.10.27"]
[EventType "tourn (corr)"]
[EventRounds "6"]
[EventCountry "GER"]
[SourceTitle "Telechess CBM 159"]
[Source "ChessBase"]
[SourceDate "2014.03.17"]
[SourceVersion "1"]
[SourceVersionDate "2014.03.17"]
[SourceQuality "1"]

1. e4 e6 2. d4 d5 3. Nc3 Nf6 4. Bg5 Be7 5. e5 Nbd7 6. exf6 Nxf6 7. Bd3 0-0 8. Nf3 b6 9. 0-0 c5 10. Qd2 Bb7 11. Rfe1 h6 12. Bxh6 Ng4 13. Bg5 Bxg5 14. Qxg5 Qxg5 15. Nxg5 Nf6 16. Nf3 Rfd8 17. Ne5 Rac8 18. Rad1 Kf8 19. b3 Ke7 20. f4 g6 21. dxc5 bxc5 22. h3 Nd7 23. Nb5 a6 24. Nd6 Kxd6 25. Nxf7+ Kc7 26. Nxd8 Rxd8 27. Rxe6 c4 28. Bxg6 Nf8 29. Re7+ Kb6 30. f5 cxb3 31. axb3 Nxg6 32. fxg6 Rg8 33. g7 Bc6 34. h4 1-0

[Event "RD-2012-0-00079"]
[Site "LSS email"]
[Date "2013.02.03"]
[Round "?"]
[White "Bezzina, Reno"]
[Black "Henke, Simon"]
[Result "1-0"]
[WhiteElo "1552"]
[BlackElo "1441"]
[PlyCount "41"]
[EventDate "2012.10.27"]
[EventType "tourn (corr)"]
[EventRounds "6"]
[EventCountry "GER"]
[SourceTitle "Telechess CBM 159"]
[Source "ChessBase"]
[SourceDate "2014.03.17"]
[SourceVersion "1"]
[SourceVersionDate "2014.03.17"]
[SourceQuality "1"]

1. e4 e6 2. d4 d5 3. Nc3 Bb4 4. e5 Ne7 5. Bd2 c5 6. Nb5 Bxd2+ 7. Qxd2 0-0 8. dxc5 Nd7 9. Qc3 f6 10. exf6 Rxf6 11. Nf3 e5 12. 0-0-0 e4 13. Ne5 a6 14. Nxd7 Bxd7 15. Nd6 Qc7 16. f3 exf3 17. gxf3 b6 18. Rg1 Raf8 19. Qe5 bxc5 20. Rxg7+ Kxg7 21. Ne8+ 1-0

[Event "CP-2012-P-00064"]
[Site "LSS email"]
[Date "2012.10.01"]
[Round "?"]
[White "Bezzina, Reno"]
[Black "Kudr, Roman"]
[Result "1/2-1/2"]
[WhiteElo "1553"]
[BlackElo "2092"]
[PlyCount "50"]
[EventDate "2012.10.05"]
[EventType "tourn (corr)"]
[EventRounds "6"]
[EventCountry "GER"]
[SourceTitle "Telechess CBM 159"]
[Source "ChessBase"]
[SourceDate "2014.03.17"]
[SourceVersion "1"]
[SourceVersionDate "2014.03.17"]
[SourceQuality "1"]

1. e4 e6 2. d4 d5 3. Nc3 Nf6 4. Bg5 dxe4 5. Nxe4 Nbd7 6. Nf3 h6 7. Nxf6+ Nxf6 8. Bh4 Be7 9. Be2 b6 10. Bb5+ Bd7 11. a4 a6 12. Bxd7+ Nxd7 13. Bg3 0-0 14. Qd3 Bd6 15. Rd1 b5 16. axb5 axb5 17. 0-0 Bxg3 18. fxg3 c6 19. Ra1 Qb6 20. h3 c5 21. Kh2 Ra4 22. Rxa4 bxa4 23. Qa3 Ra8 24. Rd1 Qb4 25. dxc5 Qxa3 1/2-1/2

[Event "CP-2012-P-00064"]
[Site "LSS email"]
[Date "2012.10.01"]
[Round "?"]
[White "Bezzina, Reno"]
[Black "Laffont, Jose Eduardo Alfred"]
[Result "1-0"]
[WhiteElo "1631"]
[BlackElo "1609"]
[PlyCount "51"]
[EventDate "2012.10.05"]
[EventType "tourn (corr)"]
[EventRounds "6"]
[EventCountry "GER"]
[SourceTitle "Corr 2022"]
[Source "ChessBase"]
[SourceDate "2021.10.24"]
[SourceVersion "1"]
[SourceVersionDate "2021.10.24"]
[SourceQuality "1"]

1. e4 e5 2. Bc4 Nf6 3. d3 c6 4. Nf3 d5 5. Bb3 Bd6 6. Nc3 dxe4 7. Nxe4 Nxe4 8. dxe4 Qc7 9. Ng5 0-0 10. Qh5 h6 11. h4 Be6 12. Nxe6 fxe6 13. Bxh6 gxh6 14. Qxh6 Qh7 15. Qxe6+ Kh8 16. Qxd6 Qxe4+ 17. Kf1 Qf4 18. f3 Na6 19. Re1 Rae8 20. c3 Qf6 21. Qxf6+ Rxf6 22. Kf2 Nc5 23. Bc2 Kg7 24. b4 Na6 25. Rh3 Kh6 26. Rd1 1-0

[Event "CP-2012-P-00064"]
[Site "LSS email"]
[Date "2012.10.01"]
[Round "?"]
[White "Plunkett, Louis"]
[Black "Bezzina, Reno"]
[Result "0-1"]
[WhiteElo "1293"]
[BlackElo "1553"]
[PlyCount "64"]
[EventDate "2012.10.05"]
[EventType "tourn (corr)"]
[EventRounds "6"]
[EventCountry "GER"]
[SourceTitle "Telechess CBM 159"]
[Source "ChessBase"]
[SourceDate "2014.03.17"]
[SourceVersion "1"]
[SourceVersionDate "2014.03.17"]
[SourceQuality "1"]

1. d4 Nf6 2. Nc3 d5 3. e4 Nxe4 4. Nxe4 dxe4 5. Bc4 Nc6 6. c3 e5 7. d5 Ne7 8. Qa4+ Bd7 9. Qb3 Nf5 10. Ne2 Nd6 11. Ng3 f5 12. f4 exf3 13. gxf3 Qh4 14. Be2 f4 15. Bd2 fxg3 16. 0-0-0 g2 17. Rhg1 Ba4 18. Qb4 Qxb4 19. cxb4 Bxd1 20. Bxd1 Nc4 21. Ba4+ Kf7 22. Rxg2 Nxd2 23. Rxd2 Bxb4 24. Rc2 Bd6 25. Bd7 g6 26. Be6+ Kg7 27. a3 Raf8 28. Rf2 e4 29. Kd2 e3+ 30. Kxe3 Bc5+ 31. Ke2 Bxf2 32. Kxf2 Rf6 0-1

[Event "SD-2012-0-00143"]
[Site "LSS email"]
[Date "2012.08.23"]
[Round "?"]
[White "Bezzina, Reno"]
[Black "Aquilina, Joe"]
[Result "1/2-1/2"]
[WhiteElo "1632"]
[BlackElo "1541"]
[PlyCount "62"]
[EventDate "2012.07.11"]
[EventType "tourn (corr)"]
[EventRounds "6"]
[EventCountry "GER"]
[SourceTitle "Telechess CBM 161"]
[Source "ChessBase"]
[SourceDate "2014.07.16"]
[SourceVersion "1"]
[SourceVersionDate "2014.07.16"]
[SourceQuality "1"]

1. e4 c5 2. Nf3 d6 3. d4 cxd4 4. Nxd4 Nf6 5. Nc3 a6 6. Be2 e5 7. Nb3 Be7 8. 0-0 0-0 9. Be3 Be6 10. Qd2 Nbd7 11. f4 Rc8 12. f5 Bc4 13. Bxc4 Rxc4 14. Qd3 Qc7 15. a3 b5 16. Bf2 Rc8 17. h3 d5 18. exd5 Nc5 19. Nxc5 Bxc5 20. Qg3 a5 21. Bxc5 Qxc5+ 22. Qf2 b4 23. axb4 axb4 24. Na4 Qxf2+ 25. Rxf2 Rxc2 26. Rxc2 Rxc2 27. Nb6 g6 28. d6 Rd2 29. Nc4 Rd4 30. Ra8+ Kg7 31. Nxe5 Rxd6 1/2-1/2

[Event "SD-2012-0-00143"]
[Site "LSS email"]
[Date "2012.08.23"]
[Round "?"]
[White "Bezzina, Reno"]
[Black "Basson, Heinrich"]
[Result "1-0"]
[WhiteElo "1632"]
[BlackElo "1399"]
[PlyCount "21"]
[EventDate "2012.07.11"]
[EventType "tourn (corr)"]
[EventRounds "6"]
[EventCountry "GER"]
[SourceTitle "Corr 2015"]
[Source "ChessBase"]
[SourceDate "2015.07.17"]
[SourceVersion "1"]
[SourceVersionDate "2015.07.17"]
[SourceQuality "1"]

1. e4 c6 2. d4 d5 3. Nc3 e6 4. Nf3 Nf6 5. e5 a6 6. exf6 Qxf6 7. Bg5 Qg6 8. Bd3 Qh5 9. h3 f6 10. Bf4 Nd7 11. 0-0 1-0

[Event "SD-2012-0-00143"]
[Site "LSS email"]
[Date "2012.08.23"]
[Round "?"]
[White "Bezzina, Reno"]
[Black "Perepechenko, Vladislav"]
[Result "0-1"]
[WhiteElo "1632"]
[BlackElo "1972"]
[PlyCount "110"]
[EventDate "2012.07.11"]
[EventType "tourn (corr)"]
[EventRounds "6"]
[EventCountry "GER"]
[SourceTitle "Telechess CBM 161"]
[Source "ChessBase"]
[SourceDate "2014.07.16"]
[SourceVersion "1"]
[SourceVersionDate "2014.07.16"]
[SourceQuality "1"]

1. e4 c5 2. Nf3 d6 3. d4 cxd4 4. Nxd4 Nf6 5. Nc3 a6 6. Be2 e5 7. Nb3 Be7 8. Bg5 Be6 9. 0-0 Nbd7 10. Qd3 0-0 11. Rad1 Rc8 12. Rfe1 Re8 13. h3 b5 14. a3 h6 15. Be3 Qc7 16. Bf3 Red8 17. Qe2 Nb6 18. Nd2 Na4 19. Nxa4 bxa4 20. c4 Bxc4 21. Nxc4 Qxc4 22. Bb6 Qxe2 23. Rxe2 Rd7 24. Ba5 Rc4 25. g3 g6 26. Bb4 h5 27. Kg2 a5 28. Bxa5 d5 29. Kh2 d4 30. Be1 Rb7 31. Bg2 Rb3 32. f3 Kg7 33. Rf2 h4 34. g4 Nd7 35. Bf1 Rc7 36. Bd2 Kh7 37. Bc1 g5 38. Be2 Nf8 39. Bf1 Ne6 40. Ba6 Kg7 41. Bf1 Rc8 42. Be2 Rxc1 43. Rxc1 Rxb2 44. Rcf1 Bxa3 45. Bd3 Rb4 46. Bc2 Nc5 47. Bb1 Bb2 48. Rc2 Ne6 49. Ba2 d3 50. Rc8 a3 51. Rb1 Rb7 52. Bd5 Rc7 53. Rxc7 Nxc7 54. Bc4 d2 55. Kg2 Nb5 0-1

[Event "SD-2012-0-00143"]
[Site "LSS email"]
[Date "2012.08.23"]
[Round "?"]
[White "Malish, Dmitriy"]
[Black "Bezzina, Reno"]
[Result "0-1"]
[WhiteElo "1034"]
[BlackElo "1632"]
[PlyCount "28"]
[EventDate "2012.07.11"]
[EventType "tourn (corr)"]
[EventRounds "6"]
[EventCountry "GER"]
[SourceTitle "Corr 2015"]
[Source "ChessBase"]
[SourceDate "2015.07.17"]
[SourceVersion "1"]
[SourceVersionDate "2015.07.17"]
[SourceQuality "1"]

1. e4 Nf6 2. e5 Nd5 3. d4 d6 4. Nf3 dxe5 5. Nxe5 g6 6. Bc4 c6 7. 0-0 Bg7 8. Re1 0-0 9. Nc3 a5 10. Bxd5 cxd5 11. Bf4 Bf5 12. h3 a4 13. a3 Nc6 14. Nxc6 bxc6 0-1

[Event "LSS No Engine Cup 54 Final"]
[Site "LSS email"]
[Date "2012.08.09"]
[Round "?"]
[White "Henke, Simon"]
[Black "Bezzina, Reno"]
[Result "1/2-1/2"]
[WhiteElo "1405"]
[BlackElo "1632"]
[PlyCount "76"]
[EventDate "2012.08.10"]
[EventType "tourn (corr)"]
[EventRounds "6"]
[EventCountry "GER"]
[SourceTitle "Telechess CBM 159"]
[Source "ChessBase"]
[SourceDate "2014.03.17"]
[SourceVersion "1"]
[SourceVersionDate "2014.03.17"]
[SourceQuality "1"]

1. c4 Nf6 2. Nc3 g6 3. d4 Bg7 4. e4 d6 5. f3 0-0 6. Bg5 Nc6 7. Nge2 e5 8. d5 Na5 9. Nc1 c5 10. Be2 Bd7 11. 0-0 b6 12. Qd2 a6 13. Nb3 Rb8 14. Nxa5 bxa5 15. Rab1 Rb4 16. a3 Rb3 17. Bd1 Rb6 18. Ne2 Rb8 19. g4 Qc7 20. Ng3 Rb7 21. h4 a4 22. Rf2 Rfb8 23. Bh6 Bxh6 24. Qxh6 Qa5 25. h5 Ne8 26. Rh2 Bc8 27. Kf1 Re7 28. Nf5 gxf5 29. gxf5 f6 30. Rg2+ Rg7 31. Rxg7+ Nxg7 32. Qxf6 Bxf5 33. exf5 Qd2 34. Be2 Qc2 35. Re1 Qxf5 36. Qxd6 Qh3+ 37. Kf2 Qh2+ 38. Kf1 Qh3+ 1/2-1/2

[Event "OP-2012-0-02321"]
[Site "LSS email"]
[Date "2012.07.29"]
[Round "?"]
[White "Bezzina, Reno"]
[Black "Vontina, Maria"]
[Result "1-0"]
[WhiteElo "1555"]
[BlackElo "761"]
[PlyCount "67"]
[EventDate "2012.07.26"]
[EventType "tourn (corr)"]
[EventRounds "4"]
[EventCountry "GER"]
[SourceTitle "Telechess CBM 165"]
[Source "ChessBase"]
[SourceDate "2015.03.11"]
[SourceVersion "1"]
[SourceVersionDate "2015.03.11"]
[SourceQuality "1"]

1. e4 e6 2. d4 d5 3. e5 c5 4. c3 Nc6 5. Nf3 Qb6 6. Bd3 cxd4 7. cxd4 Nge7 8. Nc3 a6 9. 0-0 Ng6 10. Be3 Be7 11. Na4 Qd8 12. Rc1 0-0 13. Nc5 Re8 14. Bd2 Nf8 15. Qb3 Nd7 16. Nxb7 Bxb7 17. Qxb7 Na5 18. Bxa5 Qxa5 19. Qxd7 Kf8 20. a3 Red8 21. Qc6 Rdb8 22. Qc2 Qd8 23. Qe2 a5 24. Ra1 Rc8 25. Rfc1 h6 26. Qd2 Qb6 27. Rxc8+ Rxc8 28. Rc1 Rxc1+ 29. Qxc1 Qb7 30. a4 Bb4 31. Bb5 Ke7 32. Qc2 Kf8 33. Qh7 Ke7 34. Qg8 1-0

[Event "OP-2012-0-02321"]
[Site "LSS email"]
[Date "2012.07.29"]
[Round "?"]
[White "Bezzina, Reno"]
[Black "Willmann, Bernd"]
[Result "0-1"]
[WhiteElo "1555"]
[BlackElo "1795"]
[PlyCount "150"]
[EventDate "2012.07.26"]
[EventType "tourn (corr)"]
[EventRounds "4"]
[EventCountry "GER"]
[SourceTitle "Telechess CBM 165"]
[Source "ChessBase"]
[SourceDate "2015.03.11"]
[SourceVersion "1"]
[SourceVersionDate "2015.03.11"]
[SourceQuality "1"]

1. e4 c5 2. Nf3 d6 3. d4 Nf6 4. Nc3 cxd4 5. Nxd4 a6 6. Bc4 e6 7. 0-0 Be7 8. Qf3 0-0 9. Qg3 d5 10. exd5 exd5 11. Be2 Nc6 12. Bh6 Ne8 13. Be3 Bd6 14. f4 Nf6 15. Rae1 Re8 16. Bd3 Nb4 17. Nf3 Rxe3 18. Rxe3 Bc5 19. Nd1 Qb6 20. Ne5 Ng4 21. Nxg4 Bxg4 22. Qxg4 Bxe3+ 23. Kh1 Nxd3 24. cxd3 Bd4 25. Qe2 h6 26. g3 Rc8 27. Kg2 Qb4 28. f5 Qa4 29. b3 Qc6 30. Nf2 Re8 31. Qd2 b5 32. Qb4 Be3 33. Qg4 Qc2 34. a4 Bxf2 35. Rxf2 Qxd3 36. f6 g6 37. axb5 axb5 38. Qf4 g5 39. Qf5 Qe4+ 40. Qxe4 Rxe4 41. Rd2 d4 42. Kf3 Re3+ 43. Kg4 Kh7 44. Rxd4 Kg6 45. b4 h5+ 46. Kh3 Kxf6 47. Kg2 Rb3 48. Rd6+ Ke5 49. Rh6 Rb2+ 50. Kg1 Rxb4 51. Rxh5 f6 52. Kf2 Ke4 53. Rh6 f5 54. Re6+ Kd5 55. Rf6 Ke5 56. Rb6 g4 57. Ke3 Kd5 58. Kd2 Rb2+ 59. Kd3 Kc5 60. Rf6 Rf2 61. Kc3 b4+ 62. Kb3 Rf3+ 63. Kc2 Rf2+ 64. Kb3 f4 65. gxf4 Rxh2 66. Rf5+ Kd4 67. Rg5 Rh4 68. f5 Ke5 69. Kxb4 g3+ 70. Kc3 Kf4 71. Rg7 Kf3 72. f6 Rf4 73. Rd7 g2 74. Rd3+ Kg4 75. Rd8 Rxf6 0-1

[Event "ZL-2012-0-01167"]
[Site "LSS email"]
[Date "2012.07.10"]
[Round "?"]
[White "Chamberlain, Edwin"]
[Black "Bezzina, Reno"]
[Result "0-1"]
[WhiteElo "1330"]
[BlackElo "1436"]
[PlyCount "44"]
[EventDate "2012.06.28"]
[EventType "match (corr)"]
[EventRounds "2"]
[EventCountry "GER"]
[SourceTitle "Telechess CBM 153"]
[Source "ChessBase"]
[SourceDate "2013.03.14"]
[SourceVersion "1"]
[SourceVersionDate "2013.03.14"]
[SourceQuality "1"]

1. d4 Nf6 2. Bg5 Ne4 3. Bf4 d5 4. f3 Nd6 5. Nc3 e6 6. e4 Be7 7. Nge2 dxe4 8. fxe4 0-0 9. Ng3 f5 10. exf5 Nc6 11. d5 e5 12. Be3 Nd4 13. Qd2 N6xf5 14. Nxf5 Bxf5 15. Bxd4 exd4 16. Qxd4 Bf6 17. Qd2 Bg4 18. Be2 Bxc3 19. bxc3 Qh4+ 20. g3 Qe7 21. Rf1 Rxf1+ 22. Kxf1 Rf8+ 0-1

[Event "RE-2012-0-00098"]
[Site "LSS email"]
[Date "2012.06.15"]
[Round "?"]
[White "Bezzina, Reno"]
[Black "Reede, Arvo"]
[Result "1/2-1/2"]
[WhiteElo "1426"]
[BlackElo "1524"]
[PlyCount "76"]
[EventDate "2012.04.03"]
[EventType "tourn (corr)"]
[EventRounds "6"]
[EventCountry "GER"]
[SourceTitle "Telechess CBM 155"]
[Source "ChessBase"]
[SourceDate "2013.07.16"]
[SourceVersion "1"]
[SourceVersionDate "2013.07.16"]
[SourceQuality "1"]

1. e4 c5 2. Nf3 Nc6 3. Bb5 d6 4. 0-0 Bd7 5. Re1 e6 6. d4 Be7 7. dxc5 dxc5 8. Nc3 Qc7 9. e5 0-0-0 10. Bc4 Be8 11. Qe2 Nd4 12. Nxd4 cxd4 13. Nb5 Bxb5 14. Bxb5 Bb4 15. Rd1 Ne7 16. a3 Ba5 17. Bd3 Ng6 18. b4 Bb6 19. f4 Ne7 20. a4 a6 21. a5 Ba7 22. Bd2 Nd5 23. b5 axb5 24. a6 bxa6 25. Rxa6 Bb6 26. Kh1 Kb7 27. Bxb5 Ra8 28. Qd3 Qc5 29. Rda1 g6 30. Qb3 Nc7 31. Rxa8 Rxa8 32. Rxa8 Kxa8 33. Bd3 Kb7 34. Qa4 Qc6 35. Qb4 Qc5 36. Qb3 Qd5 37. Qa3 Qc5 38. Bb4 Qc6 1/2-1/2

[Event "OP-2012-0-02229"]
[Site "LSS email"]
[Date "2012.06.04"]
[Round "?"]
[White "Bezzina, Reno"]
[Black "Vontina, Maria"]
[Result "1-0"]
[WhiteElo "1426"]
[BlackElo "819"]
[PlyCount "39"]
[EventDate "2012.06.01"]
[EventType "tourn (corr)"]
[EventRounds "4"]
[EventCountry "GER"]
[SourceTitle "Telechess CBM 155"]
[Source "ChessBase"]
[SourceDate "2013.07.16"]
[SourceVersion "1"]
[SourceVersionDate "2013.07.16"]
[SourceQuality "1"]

1. e4 e6 2. d4 d5 3. Nc3 Bb4 4. e5 c5 5. a3 Bxc3+ 6. bxc3 Nc6 7. Qg4 Nge7 8. Qxg7 Rg8 9. Qxh7 cxd4 10. cxd4 Nxd4 11. Qd3 Ndc6 12. f4 Bd7 13. Nf3 a6 14. Rb1 Rb8 15. Qh7 Qa5+ 16. Kd1 Na7 17. Ng5 Rf8 18. Qh3 Nf5 19. Bd2 Qxa3 20. Qxa3 1-0

[Event "OP-2012-0-02219"]
[Site "LSS email"]
[Date "2012.05.30"]
[Round "?"]
[White "Bezzina, Reno"]
[Black "Willmann, Bernd"]
[Result "0-1"]
[WhiteElo "1434"]
[BlackElo "1620"]
[PlyCount "112"]
[EventDate "2012.05.26"]
[EventType "tourn (corr)"]
[EventRounds "4"]
[EventCountry "GER"]
[SourceTitle "Telechess CBM 153"]
[Source "ChessBase"]
[SourceDate "2013.03.14"]
[SourceVersion "1"]
[SourceVersionDate "2013.03.14"]
[SourceQuality "1"]

1. e4 c5 2. Nf3 d6 3. d4 cxd4 4. Nxd4 Nf6 5. Nc3 a6 6. Be2 e5 7. Nb3 Be7 8. 0-0 0-0 9. Be3 Be6 10. Qd2 Nbd7 11. a4 Rc8 12. f3 Nb6 13. a5 Nc4 14. Bxc4 Bxc4 15. Rfe1 Qd7 16. Bf2 h6 17. Nc1 Be6 18. Nd3 Rfe8 19. Nb4 Bd8 20. Red1 Rc4 21. Nb1 Rc8 22. b3 d5 23. Nxd5 Bxd5 24. exd5 e4 25. Qe3 exf3 26. Qxf3 Rxc2 27. Na3 Rxf2 28. Qxf2 Bxa5 29. Nc4 Bb4 30. Qb6 Re2 31. d6 Qf5 32. Kh1 Bc5 33. Qd8+ Kh7 34. Rd2 Rxd2 35. Nxd2 Ng4 36. Qe7 Nf2+ 37. Kg1 Ne4+ 38. Kh1 Nxd2 39. Re1 Qf4 40. Qe5 Qxe5 41. Rxe5 Bxd6 42. Rd5 Ne4 43. g4 g6 44. Rd4 f5 45. gxf5 gxf5 46. Kg2 Kg6 47. Rd3 h5 48. Rd1 Kg5 49. Rd3 a5 50. h3 Kf4 51. Rd5 b6 52. Rd3 b5 53. Rd5 Bc5 54. Rd8 Ke3 55. Rh8 f4 56. Rxh5 f3+ 0-1